00331nam a2200133Ia 4500008004100000020001500041041001200056082001600068100001500084245006200099260002100161300000800182650000700190221030s9999 xx 000 0 und d a0070992088 aEnglish a105.23bAll aJ. Allison 0aElectronic Engineering Materials & Devicescby J. Allison bTMHaDelhic2002 a303 aEE